| 000 | 01471nam0a22003611 4500 | ||
|---|---|---|---|
| 001 | rc\2780179 | ||
| 005 | 20250806205926.0 | ||
| 035 | _a(NLR Aleph) 006906417 | ||
| 090 |
_a33894 _c33894 |
||
| 100 | _a20110915d1942 u y0rusy50 ca | ||
| 101 | 0 | _arus | |
| 102 | _aRU | ||
| 105 | _ay z |||c| | ||
| 135 | _acrbn 008apadp | ||
| 200 | 1 |
_aБоевые дела и люди форта N _e[Очерки] _fБатальонный ком. Суворов |
|
| 210 |
_aЛенинград _cВоенмориздат _d1942 |
||
| 215 |
_a15 с. _d23 см. |
||
| 225 | 1 |
_aВ помощь пропагандисту и агитатору _fПолит. упр. краснознам. Балт. флот. |
|
| 325 | _aКопия доступна в Электрон. б-ке РНБ | ||
| 700 | 1 | _aСуворов | |
| 801 | 0 |
_aRU _bNLR _gpsbo |
|
| 801 | 1 |
_aRU _bELAR _2rusmarc |
|
| 852 |
_aNLR _jВ80 Г-6/61 |
||
| 856 | 0 | _uhttp://vivaldi.nlr.ru/ab000002407/view | |
| 856 | 1 | _uhttp://vivaldi.nlr.ru/ab000002407/cover | |
| 856 | 2 | _uhttp://vivaldi.nlr.ru/ab000002407/text | |
| 901 | _eКнижные издания | ||
| 942 | _cBOOK | ||
| 945 | _aРоссийская национальная библиотека | ||
| 980 | _aNB | ||
| 980 | _aBV | ||
| 981 | 3 | 7 |
_a(37) Ленинград в Великой Отечественной войне _b(37) Книги блокадного Ленинграда |
| 981 | 3 | 4 | _a(34) Санкт-Петербург |